000 00864nam a22002657a 4500
001 2695
003 HMS
005 20250822115523.0
008 250822b spaao||frnout 001 0 spa
020 _a9788480866958
020 _a9781416024453
020 _a9788480866972
040 _ahms
_bspa
_chms
050 0 4 _aWV168
_bM996
245 0 0 _aOtorrinolaringología quirúrgica :
_bcirugia de cabeza y cuello /
_cEditor, Eugene N. Myers
_h[libro]
_nvolumen 1
250 _a2ª edición
260 _aBarcelona, España :
_bElsevier Saunders,
_c2010
300 _avol., xviv, 718 páginas :
_bilustraciones ;
_c28 cm
490 1 _aExpert Consult.
500 _aIncluye índice
504 _aIncluye bibliografías
650 7 _aOPERATORIA OTORRINOLARINGOLOGIA
_94039
650 7 _aENFERMEDADES OTORRINOLARINGOLOGICAS
_xCirugía
_94040
942 _2lcc
_cCOL. RES.
_n0
999 _c2695
_d2695